000 00666nam a22002177a 4500
003 OSt
005 20260609160544.0
008 260609b |||||||| |||| 00| 0 eng d
020 _a0073048054
040 _cChuka University Library
050 _aQD 40
_b.C43 2005
100 _aChang Raymond
_9952
245 _aCustomized Student Study Guide to Accompany Chemistry
250 _a8th ed.
260 _aBoston Burr Ridge
_bMcGraw Hill
_c2005
300 _axii 504 pages
_billustrated includes indexes
650 _aChemistry student Guide
_928102
700 _aNeal Sharon [ed.]
_928103
700 _aLynne Ngel [production editor]
_928104
942 _2lcc
_cBK
_n0
999 _c23735
_d23735